[Event "Chess House GM 2019"]
[Site "?"]
[Date "2019.12.11"]
[Round "1"]
[White "Jacobsen, Mikkel Manosri"]
[Black "Danielsen, Henrik"]
[Result "0-1"]
[WhiteElo "2348"]
[BlackElo "2504"]
[PlyCount "50"]
[EventDate "2019.12.??"]
[EventType "tourn"]
[EventRounds "9"]

1. d4 g6 2. Nf3 Bg7 3. c4 f5 4. Nc3 Nf6 5. Qc2 d6 6. Bg5 O-O 7. Rd1 Nc6 8. a3
h6 9. Bxf6 Bxf6 10. e4 e5 11. dxe5 Nxe5 12. Nxe5 Bxe5 13. exf5 Bxf5 14. Bd3 Qh4
15. g3 Bxd3 16. Qxd3 Bxc3+ 17. bxc3 Rae8+ 18. Kf1 Qe4 19. Qxe4 Rxe4 20. Rd4
Rxd4 21. cxd4 Rf3 22. Ke2 Rc3 23. Rb1 b6 24. Rb4 c5 25. dxc5 dxc5 0-1

[Event "Chess House GM 2019"]
[Site "?"]
[Date "2019.12.11"]
[Round "1"]
[White "Thybo, Jesper Sondergaard"]
[Black "Ochsner, Bjorn Moller"]
[Result "1-0"]
[WhiteElo "2576"]
[BlackElo "2492"]
[PlyCount "81"]
[EventDate "2019.12.??"]
[EventType "tourn"]
[EventRounds "9"]

1. d4 Nf6 2. c4 e6 3. Nf3 d5 4. g3 Be7 5. Bg2 O-O 6. Nc3 dxc4 7. Ne5 Nc6 8.
Bxc6 bxc6 9. Nxc6 Qe8 10. Nxe7+ Qxe7 11. Qa4 c5 12. dxc5 Qxc5 13. Be3 Qc7 14.
O-O-O Bd7 15. Qa3 Rfc8 16. Rd2 Bc6 17. f3 a5 18. Bf4 Qb6 19. e4 Ne8 20. g4 Qb4
21. Rhd1 Qxa3 22. bxa3 f6 23. Rb2 e5 24. Be3 Rcb8 25. Rg2 Rb7 26. h4 Rab8 27.
Bc5 Kf7 28. Rdd2 Rd7 29. Rxd7+ Bxd7 30. a4 Bc6 31. Rd2 Ke6 32. Kd1 g6 33. Ke2
f5 34. exf5+ gxf5 35. g5 Rb7 36. Kf2 Kf7 37. Re2 e4 38. fxe4 fxe4 39. Bd4 Kg6
40. Nxe4 Re7 41. h5+ 1-0

[Event "Chess House GM 2019"]
[Site "?"]
[Date "2019.12.11"]
[Round "1"]
[White "Smith, Axel"]
[Black "Pakleza, Zbigniew"]
[Result "1/2-1/2"]
[WhiteElo "2470"]
[BlackElo "2503"]
[PlyCount "58"]
[EventDate "2019.12.??"]
[EventType "tourn"]
[EventRounds "9"]

1. e4 c6 2. d4 d5 3. exd5 cxd5 4. c4 Nf6 5. Nc3 e6 6. Nf3 Bb4 7. cxd5 exd5 8.
Bd3 O-O 9. Ne5 Nc6 10. O-O h6 11. Nxc6 bxc6 12. Bf4 Re8 13. Qc2 Bd6 14. Bxd6
Qxd6 15. Rfe1 Bd7 16. Qd2 Rab8 17. a3 c5 18. dxc5 Qxc5 19. b4 Qb6 20. h3 Red8
21. Rab1 d4 22. Ne4 Nxe4 23. Bxe4 Be6 24. Rbc1 Rbc8 25. Red1 Bc4 26. Bf5 Rc6
27. Be4 Rcc8 28. Bf5 Rc6 29. Be4 Rcc8 1/2-1/2

[Event "Chess House GM 2019"]
[Site "?"]
[Date "2019.12.12"]
[Round "2"]
[White "Pakleza, Zbigniew"]
[Black "Boe Olsen, Filip"]
[Result "1/2-1/2"]
[WhiteElo "2503"]
[BlackElo "2341"]
[PlyCount "24"]
[EventDate "2019.12.??"]
[EventType "tourn"]
[EventRounds "9"]

1. d4 d5 2. Nf3 Nf6 3. Bf4 c5 4. c3 Nc6 5. e3 Qb6 6. Qb3 c4 7. Qxb6 axb6 8. Na3
Bf5 9. Nh4 Bd7 10. Nf3 Bf5 11. Nh4 Bd7 12. Nf3 Bf5 1/2-1/2

[Event "Chess House GM 2019"]
[Site "?"]
[Date "2019.12.12"]
[Round "2"]
[White "Vasli, Aref"]
[Black "Vinter Schou, Uffe"]
[Result "0-1"]
[WhiteElo "2413"]
[BlackElo "2359"]
[PlyCount "126"]
[EventDate "2019.12.??"]
[EventType "tourn"]
[EventRounds "9"]

1. e4 g6 2. d4 Bg7 3. Nc3 c6 4. Nf3 d5 5. h3 Nh6 6. exd5 cxd5 7. Bb5+ Bd7 8.
Bxd7+ Qxd7 9. Ne5 Qe6 10. O-O Nc6 11. Re1 Nf5 12. Nb5 Qc8 13. Bf4 O-O 14. Nf3
e6 15. Nd6 Nxd6 16. Bxd6 Rd8 17. Bf4 Na5 18. h4 h5 19. b3 Qc3 20. Re3 Qb4 21.
c3 Qb6 22. Ng5 Nc6 23. g4 e5 24. Bxe5 Nxe5 25. dxe5 d4 26. Re1 dxc3 27. Qf3 f6
28. exf6 Qxf6 29. Qxb7 c2 30. Rac1 Rac8 31. gxh5 Rf8 32. Qd5+ Kh8 33. Qd2 Qf5
34. Kf1 Bc3 35. Qxc2 Qxc2 36. Rxc2 Bxe1 37. Rxc8 Rxc8 38. Kxe1 gxh5 39. Kd2 Kg7
40. Ne4 Kg6 41. Ng3 Rd8+ 42. Ke3 Rd1 43. f4 Ra1 44. f5+ Kh6 45. f6 Kg6 46. f7
Kxf7 47. Nxh5 Rxa2 48. Kd3 Rh2 49. Nf4 Rxh4 50. Ne2 Ke6 51. Nc3 Rb4 52. Kc2 Ke5
53. Kb2 Kd4 54. Na4 Rb8 55. Ka3 Rb5 56. Kb2 Kd3 57. Nc3 Rh5 58. Na4 Rg5 59. Ka3
Kc2 60. Kb4 Rg4+ 61. Ka3 Rg3 62. Nc5 Rc3 63. Kb4 a5+ 0-1

[Event "Chess House GM 2019"]
[Site "?"]
[Date "2019.12.12"]
[Round "2"]
[White "Danielsen, Henrik"]
[Black "Svane, Frederik"]
[Result "1/2-1/2"]
[WhiteElo "2504"]
[BlackElo "2398"]
[PlyCount "99"]
[EventDate "2019.12.??"]
[EventType "tourn"]
[EventRounds "9"]

1. Nf3 c5 2. g3 Nc6 3. Bg2 g6 4. O-O Bg7 5. c3 e5 6. e4 Nge7 7. Na3 O-O 8. Re1
d5 9. exd5 Nxd5 10. d3 Bf5 11. Ng5 h6 12. Ne4 b6 13. Nc4 Be6 14. a4 Qc7 15. a5
f5 16. Ned6 Rfd8 17. axb6 Nxb6 18. Nb5 Qd7 19. Nxa7 Rxa7 20. Bxc6 Qxc6 21. Nxe5
Bxe5 22. Rxa7 Bg7 23. Qd2 Rd7 24. Rxd7 Nxd7 25. f4 Nf6 26. Qe2 Bc8 27. h3 Bb7
28. Qe6+ Kf8 29. Qxc6 Bxc6 30. Re5 Nd7 31. Re6 Bb5 32. c4 Kf7 33. Re1 Ba4 34.
Kf2 h5 35. Ke2 Bd4 36. h4 Bb3 37. Bd2 Nb8 38. Bc3 Bxc3 39. bxc3 Ba4 40. Ra1 Bc6
41. Ra5 Nd7 42. Ra6 Bg2 43. Rd6 Nf8 44. d4 Ne6 45. d5 Nf8 46. Rc6 Nd7 47. Rc7
Ke7 48. Rc6 Kf7 49. Rc7 Ke7 50. Rc6 1/2-1/2

[Event "Chess House GM 2019"]
[Site "?"]
[Date "2019.12.12"]
[Round "2"]
[White "Ochsner, Bjorn Moller"]
[Black "Smith, Axel"]
[Result "1/2-1/2"]
[WhiteElo "2492"]
[BlackElo "2470"]
[PlyCount "75"]
[EventDate "2019.12.??"]
[EventType "tourn"]
[EventRounds "9"]

1. e4 e5 2. Bc4 Nf6 3. d3 Nc6 4. Nc3 Na5 5. Bb3 Nxb3 6. axb3 Bb4 7. Nge2 d5 8.
O-O c6 9. exd5 Nxd5 10. d4 Nxc3 11. bxc3 Bd6 12. dxe5 Bxe5 13. Qxd8+ Kxd8 14.
Be3 a6 15. f4 Bd6 16. Bb6+ Bc7 17. Bd4 f6 18. Ng3 Ke7 19. Bc5+ Kf7 20. Rae1 Bd8
21. Ne4 Bc7 22. Nd2 Kg6 23. Re7 Bd8 24. Re3 h5 25. Nc4 h4 26. Nd6 Rh5 27. Re8
Bd7 28. f5+ Rxf5 29. Rxf5 Bxe8 30. Rf4 Bd7 31. Nxb7 Bc7 32. Rxh4 Bf5 33. Nd6
Bxc2 34. Rg4+ Kh7 35. b4 a5 36. bxa5 Bxd6 37. Bxd6 Rxa5 38. Bf8 1/2-1/2

[Event "Chess House GM 2019"]
[Site "?"]
[Date "2019.12.13"]
[Round "3"]
[White "Svane, Frederik"]
[Black "Vasli, Aref"]
[Result "0-1"]
[WhiteElo "2398"]
[BlackElo "2413"]
[PlyCount "140"]
[EventDate "2019.12.??"]
[EventType "tourn"]
[EventRounds "9"]

1. c4 e5 2. g3 Nf6 3. Bg2 Nc6 4. Nc3 Bb4 5. e4 Bxc3 6. bxc3 O-O 7. d3 d6 8. Nh3
Bg4 9. f3 Bd7 10. O-O Ne8 11. f4 exf4 12. gxf4 f5 13. c5 Kh8 14. cxd6 cxd6 15.
Nf2 Rc8 16. Be3 Nf6 17. Rb1 b6 18. Qd2 Qe7 19. Rbe1 Qf7 20. Kh1 Qh5 21. Bd4 Qh6
22. Be3 Nh5 23. Nh3 Nf6 24. Nf2 Qh4 25. Kg1 Rce8 26. exf5 Ne7 27. Ne4 Ng4 28.
h3 Nxe3 29. Qxe3 Nxf5 30. Qf2 Qd8 31. Ng5 Rxe1 32. Rxe1 Qf6 33. Ne4 Qg6 34. Kh2
Bb5 35. c4 Bd7 36. Nc3 Qh6 37. Nd5 Nh4 38. Qg3 Bc6 39. Qg5 Qxg5 40. fxg5 Rf2
41. Kg3 Nxg2 42. Re6 Rd2 43. Nb4 Ba4 44. Rxd6 Kg8 45. Rd8+ Kf7 46. Ra8 a5 47.
Ra7+ Kg6 48. Nd5 Bd1 49. h4 Rxd3+ 50. Kxg2 Bf3+ 51. Kf1 Bxd5 52. cxd5 Rxd5 53.
Ke2 h5 54. gxh6 gxh6 55. Re7 Kf5 56. Rf7+ Ke5 57. Re7+ Kd4 58. Kf3 b5 59. Re4+
Kc3 60. Re6 h5 61. Rc6+ Kb4 62. Rg6 Rd2 63. Rg5 Rxa2 64. Rxh5 a4 65. Rh8 a3 66.
h5 Rh2 67. Kg3 a2 68. Ra8 Rxh5 69. Rxa2 Rf5 70. Ra1 Kc3 0-1

[Event "Chess House GM 2019"]
[Site "?"]
[Date "2019.12.13"]
[Round "3"]
[White "Vinter Schou, Uffe"]
[Black "Pakleza, Zbigniew"]
[Result "0-1"]
[WhiteElo "2359"]
[BlackElo "2503"]
[PlyCount "152"]
[EventDate "2019.12.??"]
[EventType "tourn"]
[EventRounds "9"]

1. e4 e5 2. Nf3 d6 3. d4 exd4 4. Nxd4 Nf6 5. Nc3 Be7 6. Be2 O-O 7. O-O Re8 8.
Re1 c6 9. a4 Bf8 10. Bf1 a5 11. Bf4 Na6 12. h3 Qb6 13. Qd2 Nc5 14. f3 Bd7 15.
Kh1 Rad8 16. b3 Bc8 17. Bg5 Be7 18. Nf5 Bxf5 19. exf5 Qc7 20. Bf4 Qd7 21. g4 d5
22. Qd4 h6 23. Be5 b6 24. Rad1 Qc8 25. Qf4 Nfd7 26. Bc7 Bh4 27. Re2 Rxe2 28.
Nxe2 Re8 29. Nd4 Qb7 30. c4 Nf6 31. Bd6 Bf2 32. Be5 Ncd7 33. Bd6 Nc5 34. Qd2
Nce4 35. fxe4 Nxe4 36. Qb2 Bxd4 37. Qxd4 Nxd6 38. Bg2 f6 39. cxd5 c5 40. Qf4
Re5 41. Rc1 Qe7 42. Rc3 Re1+ 43. Kh2 Kf7 44. Rg3 Qe5 45. Qxe5 fxe5 46. Rc3 Kf6
47. Kg3 Re4 48. Kf2 Rd4 49. Ke3 Kg5 50. Rc2 Rb4 51. Rc3 Kf6 52. Bf1 Re4+ 53.
Kf3 Rf4+ 54. Kg2 h5 55. gxh5 Nxf5 56. Bb5 e4 57. Bd7 Ke5 58. Be6 Kd4 59. Rc1
Ne3+ 60. Kg3 Ke5 61. Rg1 Nf1+ 62. Kg2 Nd2 63. Kh1 e3 64. Rg5+ Kd6 65. Bg4 Ne4
66. Rxg7 Nf2+ 67. Kg2 Nxg4 68. Rxg4 e2 69. Rxf4 e1=Q 70. Rf3 Qh4 71. Rf5 Qe4+
72. Rf3 Qxd5 73. h4 Qxh5 74. Rh3 Ke5 75. Rh1 Kf4 76. Rf1+ Kg4 0-1

[Event "Chess House GM 2019"]
[Site "?"]
[Date "2019.12.14"]
[Round "4"]
[White "Danielsen, Henrik"]
[Black "Vasli, Aref"]
[Result "1-0"]
[WhiteElo "2504"]
[BlackElo "2413"]
[PlyCount "81"]
[EventDate "2019.12.??"]
[EventType "tourn"]
[EventRounds "9"]

1. Nf3 Nf6 2. g3 d5 3. Bg2 c6 4. O-O Bg4 5. d3 Nbd7 6. c4 dxc4 7. dxc4 e5 8.
Nc3 Be7 9. Qc2 O-O 10. Rd1 Qc7 11. b3 h6 12. Bb2 Rfe8 13. h3 Bxf3 14. Bxf3 Nc5
15. e3 a5 16. Rd2 a4 17. bxa4 Qc8 18. Kg2 Qe6 19. Be2 Bf8 20. Rb1 Ra7 21. Rbd1
Raa8 22. Ba3 Nxa4 23. Rd6 Bxd6 24. Rxd6 Qe7 25. Nxa4 Ne4 26. Qxe4 Rxa4 27. Bc5
f5 28. Qxf5 Rxa2 29. Rd2 Rxd2 30. Bxe7 Rxe7 31. Qc8+ Kh7 32. Qf8 Rdd7 33. h4 e4
34. Bg4 Rf7 35. Qe8 Rde7 36. Qd8 Re5 37. Qd6 Ra5 38. Qe6 Rf6 39. Qxe4+ Kh8 40.
Qe8+ Kh7 41. h5 1-0

[Event "Chess House GM 2019"]
[Site "?"]
[Date "2019.12.14"]
[Round "4"]
[White "Jacobsen, Mikkel Manosri"]
[Black "Boe Olsen, Filip"]
[Result "1/2-1/2"]
[WhiteElo "2348"]
[BlackElo "2341"]
[PlyCount "62"]
[EventDate "2019.12.??"]
[EventType "tourn"]
[EventRounds "9"]

1. d4 Nf6 2. Nf3 e6 3. Bf4 b6 4. e3 Bb7 5. Nbd2 Be7 6. Bd3 c5 7. c3 d5 8. Bxb8
Qxb8 9. Qa4+ Kf8 10. Ne5 Qc7 11. f4 Ne4 12. Bxe4 dxe4 13. dxc5 Bxc5 14. Nxe4
Bxe3 15. Ng5 Ke7 16. Ngxf7 Rhf8 17. Rd1 Bd5 18. c4 Rxf7 19. cxd5 Rxf4 20. d6+
Qxd6 21. Rxd6 Rxa4 22. Rd7+ Kf6 23. Nd3 Rd4 24. Rf1+ Kg5 25. Rxg7+ Kh6 26. Rg3
Rxd3 27. Ke2 Rad8 28. Rf6+ Kh5 29. Rxe3 Rxe3+ 30. Kxe3 Rc8 31. Rf2 Kg6 1/2-1/2

[Event "Chess House GM 2019"]
[Site "?"]
[Date "2019.12.14"]
[Round "4"]
[White "Pakleza, Zbigniew"]
[Black "Svane, Frederik"]
[Result "1/2-1/2"]
[WhiteElo "2503"]
[BlackElo "2398"]
[PlyCount "82"]
[EventDate "2019.12.??"]
[EventType "tourn"]
[EventRounds "9"]

1. d4 Nf6 2. Nf3 g6 3. e3 Bg7 4. Be2 O-O 5. O-O d5 6. b4 c6 7. c4 a5 8. b5 cxb5
9. cxb5 Nbd7 10. Nbd2 b6 11. Bb2 Bb7 12. Ne5 Nxe5 13. dxe5 Nd7 14. f4 f6 15.
exf6 Bxf6 16. Bxf6 exf6 17. Bf3 Nc5 18. Nb3 Qe8 19. Bxd5+ Bxd5 20. Qxd5+ Kh8
21. Nxc5 Qxe3+ 22. Kh1 Qxc5 23. Qxc5 bxc5 24. Rfc1 Rac8 25. Rc4 Rfd8 26. h3 Rd4
27. Rac1 Rxc4 28. Rxc4 Kg7 29. b6 h5 30. Kh2 Rc6 31. b7 Rb6 32. Rxc5 Rxb7 33.
Rxa5 h4 34. f5 Rb2 35. fxg6 Kxg6 36. Ra4 f5 37. Ra8 Kg5 38. a4 Ra2 39. a5 Ra1
40. a6 Kg6 41. Ra7 Kh6 1/2-1/2

[Event "Chess House GM 2019"]
[Site "?"]
[Date "2019.12.14"]
[Round "4"]
[White "Thybo, Jesper Sondergaard"]
[Black "Smith, Axel"]
[Result "1-0"]
[WhiteElo "2576"]
[BlackElo "2470"]
[PlyCount "105"]
[EventDate "2019.12.??"]
[EventType "tourn"]
[EventRounds "9"]

1. d4 Nf6 2. c4 e6 3. Nf3 d5 4. g3 dxc4 5. Bg2 Bb4+ 6. Bd2 a5 7. Qc2 Bxd2+ 8.
Qxd2 c6 9. a4 Ne4 10. Qf4 Qb6 11. Ne5 Qb4+ 12. Nd2 Nxd2 13. Qxd2 Ra6 14. Qxb4
axb4 15. Nxc4 b5 16. Ne5 bxa4 17. Nd3 a3 18. Kd2 axb2 19. Rab1 Rb6 20. Rxb2 Kd7
21. Rc1 Kc7 22. Rxb4 Rxb4 23. Nxb4 Bb7 24. e4 Rc8 25. e5 Kb6 26. Rb1 Kc7 27.
Ra1 Nd7 28. Nd3 Kb6 29. Ke3 Ba6 30. Nc5 Nxc5 31. dxc5+ Kb7 32. Ra4 Bb5 33. Rg4
g6 34. Rh4 h5 35. Kf4 Bc4 36. Kg5 Bd5 37. Bh3 Ra8 38. Rf4 Ra2 39. Rxf7+ Ka6 40.
Bf1+ Ka5 41. Rf4 Rc2 42. Kxg6 Rxc5 43. Kf6 Rc1 44. Bh3 c5 45. Bxe6 Bxe6 46.
Kxe6 Kb5 47. Kf7 Re1 48. e6 c4 49. e7 c3 50. Rf3 Kb4 51. Rxc3 Kxc3 52. f4 h4
53. gxh4 1-0

[Event "Chess House GM 2019"]
[Site "?"]
[Date "2019.12.14"]
[Round "5"]
[White "Smith, Axel"]
[Black "Danielsen, Henrik"]
[Result "1/2-1/2"]
[WhiteElo "2470"]
[BlackElo "2504"]
[PlyCount "149"]
[EventDate "2019.12.??"]
[EventType "tourn"]
[EventRounds "9"]

1. e4 d5 2. exd5 Qxd5 3. Nc3 Qd8 4. d4 Nf6 5. Nf3 Bg4 6. h3 Bxf3 7. Qxf3 c6 8.
Be3 e6 9. Bd3 Nbd7 10. O-O Be7 11. Rad1 O-O 12. Ne4 Nxe4 13. Qxe4 Nf6 14. Qh4
g6 15. Qg3 Re8 16. a3 a5 17. Rfe1 Nd5 18. Bc1 b5 19. c3 Bf6 20. Qf3 Bg7 21. g3
Qd7 22. h4 b4 23. axb4 axb4 24. Be4 bxc3 25. bxc3 Ra4 26. h5 Rb8 27. h6 Bh8 28.
Bd2 Ra3 29. Rb1 Rc8 30. Bxd5 cxd5 31. Qf4 Qe7 32. Rb8 Ra8 33. Rxa8 Rxa8 34. Rb1
Rc8 35. Rb5 Qd7 36. Rb8 f5 37. g4 fxg4 38. Rxc8+ Qxc8 39. Qxg4 Bf6 40. Bg5 Bxg5
41. Qxg5 Qxc3 42. Qf6 Qc1+ 43. Kg2 Qxh6 44. Qxe6+ Kf8 45. Qd6+ Ke8 46. Qe5+ Kf8
47. Qd6+ Ke8 48. Qxd5 Qh4 49. Qe5+ Kd7 50. Qd5+ Ke7 51. Qe5+ Kd7 52. Qd5+ Ke7
53. f3 Kf8 54. Qe5 Kf7 55. d5 Qe7 56. Qf4+ Ke8 57. Qb8+ Kd7 58. Qb5+ Kd8 59.
Qb8+ Kd7 60. Qb7+ Kd8 61. Qa8+ Kd7 62. Qc6+ Kd8 63. Qa8+ Kd7 64. Qc6+ Kd8 65.
d6 Qe2+ 66. Kg3 Qe5+ 67. f4 Qe3+ 68. Kg4 Qg1+ 69. Kh4 Qf2+ 70. Kg5 Qg3+ 71. Kh6
Qxf4+ 72. Kxh7 Qf7+ 73. Kh6 Qf8+ 74. Kxg6 Qf6+ 75. Kxf6 1/2-1/2

[Event "Chess House GM 2019"]
[Site "?"]
[Date "2019.12.15"]
[Round "6"]
[White "Danielsen, Henrik"]
[Black "Pakleza, Zbigniew"]
[Result "1-0"]
[WhiteElo "2504"]
[BlackElo "2503"]
[PlyCount "83"]
[EventDate "2019.12.??"]
[EventType "tourn"]
[EventRounds "9"]

1. Nf3 d5 2. g3 Nf6 3. Bg2 g6 4. c4 c6 5. b3 Bg7 6. Bb2 O-O 7. O-O Re8 8. d4
Bf5 9. Nbd2 a5 10. e3 Ne4 11. Qe2 a4 12. bxa4 Rxa4 13. cxd5 cxd5 14. Nxe4 Bxe4
15. Rfc1 Nc6 16. Bf1 Ra7 17. a4 h6 18. Qd1 Bf5 19. Ne5 Nxe5 20. dxe5 Be6 21.
Bb5 Rf8 22. Qc2 Ra8 23. Qc7 Rb8 24. Bd4 Qxc7 25. Rxc7 Rfc8 26. Rac1 Rxc7 27.
Rxc7 Rc8 28. Rxe7 Bh3 29. Re8+ Bf8 30. Rxc8 Bxc8 31. f3 Bb4 32. g4 Kf8 33. Kf1
Ke7 34. Ke2 g5 35. Kd3 Be6 36. Kc2 Kd8 37. Bb6+ Kc8 38. Kd3 Ba3 39. h3 Bb2 40.
Bd4 Bxd4 41. Kxd4 Kc7 42. f4 1-0

[Event "Chess House GM 2019"]
[Site "?"]
[Date "2019.12.15"]
[Round "6"]
[White "Jacobsen, Mikkel Manosri"]
[Black "Svane, Frederik"]
[Result "0-1"]
[WhiteElo "2348"]
[BlackElo "2398"]
[PlyCount "54"]
[EventDate "2019.12.??"]
[EventType "tourn"]
[EventRounds "9"]

1. d4 Nf6 2. c4 g6 3. h4 Bg7 4. Nc3 d6 5. e4 c5 6. d5 O-O 7. Be2 e6 8. Be3 exd5
9. cxd5 b5 10. Bxb5 Nxe4 11. Nxe4 Qa5+ 12. Nc3 Bxc3+ 13. bxc3 Qxb5 14. h5 Ba6
15. Nf3 Nd7 16. Rc1 Nb6 17. Ng5 Nxd5 18. c4 Nxe3 19. fxe3 Qb4+ 20. Kf1 Rae8 21.
Kg1 Qa3 22. Rh3 Rxe3 23. Nf3 Bb7 24. Rb1 Bxf3 25. gxf3 Qxa2 26. hxg6 hxg6 27.
Rb7 Rfe8 0-1

[Event "Chess House GM 2019"]
[Site "?"]
[Date "2019.12.15"]
[Round "6"]
[White "Ochsner, Bjorn Moller"]
[Black "Vasli, Aref"]
[Result "0-1"]
[WhiteElo "2492"]
[BlackElo "2413"]
[PlyCount "88"]
[EventDate "2019.12.??"]
[EventType "tourn"]
[EventRounds "9"]

1. e4 e5 2. Nf3 Nc6 3. Bb5 a6 4. Ba4 Nf6 5. O-O Be7 6. Re1 b5 7. Bb3 d6 8. c3
O-O 9. d4 Bg4 10. Be3 Bh5 11. h3 Na5 12. dxe5 dxe5 13. Qxd8 Bxd8 14. Nxe5 Nxb3
15. axb3 Nxe4 16. Bd4 f5 17. Nc6 Bh4 18. b4 Rfe8 19. g3 Re6 20. Na7 Rg6 21.
Nxb5 Nxg3 22. fxg3 Rxg3+ 23. Kh2 Bf3 24. Rg1 Re8 25. Be5 Rxg1 26. Kxg1 Rxe5 27.
Nd2 Bb7 28. Nd4 Re3 29. Kf1 f4 30. b5 axb5 31. Nf5 Rxh3 32. Ra7 Rh1+ 33. Ke2
Rh2+ 34. Kd3 Rh3+ 35. Kc2 Bg2 36. Rxc7 Bf6 37. Nd6 h5 38. Rc5 Be7 39. Rc8+ Kh7
40. Nxb5 Re3 41. Nd4 h4 42. Nc4 h3 43. Nxe3 fxe3 44. Re8 Be4+ 0-1

[Event "Chess House GM 2019"]
[Site "?"]
[Date "2019.12.15"]
[Round "6"]
[White "Thybo, Jesper Sondergaard"]
[Black "Vinter Schou, Uffe"]
[Result "1/2-1/2"]
[WhiteElo "2576"]
[BlackElo "2359"]
[PlyCount "102"]
[EventDate "2019.12.??"]
[EventType "tourn"]
[EventRounds "9"]

1. d4 g6 2. e4 Bg7 3. c4 c5 4. Nf3 Qa5+ 5. Nc3 Nc6 6. d5 Nd4 7. Be3 Nxf3+ 8.
gxf3 d6 9. Qd2 a6 10. Rb1 Bd7 11. a3 Rb8 12. Nd1 Qa4 13. Bd3 Qb3 14. O-O Bd4
15. Re1 Nf6 16. Nc3 Bxe3 17. Qxe3 O-O 18. e5 Nh5 19. Qh6 Ng7 20. exd6 exd6 21.
Ne4 f6 22. Re3 Qb6 23. Rbe1 Rbe8 24. Qh4 Nh5 25. b4 cxb4 26. axb4 Kg7 27. c5
Qxb4 28. Rb1 Qa4 29. Rxb7 dxc5 30. Bb5 axb5 31. Rxd7+ Kh8 32. Kg2 Qd4 33. Ra3
f5 34. Raa7 fxe4 35. Rxh7+ Kg8 36. Rxh5 exf3+ 37. Kg3 Qxh4+ 38. Rxh4 Rf7 39.
Rh8+ Kg7 40. Rh7+ Kxh7 41. Rxf7+ Kh6 42. Rc7 c4 43. Rb7 c3 44. Rxb5 Rc8 45. Rb1
Kg5 46. d6 Kf5 47. d7 Rd8 48. Rc1 Rxd7 49. Rxc3 Rd4 50. Rc5+ Kf6 51. Kxf3 g5
1/2-1/2

[Event "Chess House GM 2019"]
[Site "?"]
[Date "2019.12.15"]
[Round "6"]
[White "Smith, Axel"]
[Black "Boe Olsen, Filip"]
[Result "1/2-1/2"]
[WhiteElo "2470"]
[BlackElo "2341"]
[PlyCount "79"]
[EventDate "2019.12.??"]
[EventType "tourn"]
[EventRounds "9"]

1. c4 Nf6 2. Nc3 e6 3. Nf3 d5 4. d4 c6 5. e3 Nbd7 6. Bd3 dxc4 7. Bxc4 b5 8. Bd3
Bb7 9. e4 b4 10. Na4 c5 11. e5 Nd5 12. O-O cxd4 13. Re1 Be7 14. Nxd4 Rc8 15.
Qg4 Kf8 16. Bd2 Qa5 17. b3 Nc3 18. Qg3 Nxa4 19. bxa4 Nc5 20. Nb3 Nxb3 21. axb3
h5 22. Be4 Bxe4 23. Rxe4 Qd5 24. Qe3 a5 25. Rd4 Qb7 26. Qd3 g6 27. Rd7 Rc7 28.
Rxc7 Qxc7 29. Be3 Kg7 30. Rc1 Rd8 31. Qe2 Qb7 32. h3 Qd5 33. Qb2 Qd3 34. Rc7
Qd1+ 35. Kh2 Bh4 36. Rc4 Be7 37. Rc7 Bh4 38. Rc1 Qd3 39. Rc4 Be7 40. Rc7
1/2-1/2

[Event "Chess House GM 2019"]
[Site "?"]
[Date "2019.12.15"]
[Round "7"]
[White "Vinter Schou, Uffe"]
[Black "Smith, Axel"]
[Result "1/2-1/2"]
[WhiteElo "2359"]
[BlackElo "2470"]
[PlyCount "152"]
[EventDate "2019.12.??"]
[EventType "tourn"]
[EventRounds "9"]

1. e4 e5 2. Nf3 Nc6 3. Bc4 Nf6 4. Ng5 d5 5. exd5 Na5 6. Bb5+ Bd7 7. Qe2 Be7 8.
Nc3 O-O 9. Bxd7 Qxd7 10. O-O Rfe8 11. d3 Nxd5 12. Qxe5 Nxc3 13. Qxc3 Nc6 14.
Nf3 Bf6 15. Qc4 a6 16. a4 b5 17. Qf4 b4 18. Qc4 Qe6 19. Qxe6 Rxe6 20. Bd2 Bxb2
21. Rab1 Ba3 22. Be3 Ne5 23. Nd4 Ree8 24. Nb3 Ng4 25. Bc5 Re2 26. Nd4 Re5 27.
Nb3 Re2 28. f3 Nf6 29. Rf2 Ree8 30. Nd2 Nd5 31. Nc4 Nc3 32. Ra1 Nxa4 33. Bd4
Rad8 34. Be5 c5 35. Nxa3 bxa3 36. Rxa3 Rxe5 37. Rxa4 Rd6 38. Rf1 Rb6 39. Rfa1
Ree6 40. Rc4 Rec6 41. Re1 f6 42. Re7 h5 43. Kf2 Rb4 44. Rce4 c4 45. d4 Rb2 46.
Re2 Rd6 47. c3 Rdb6 48. Rc7 Rxe2+ 49. Kxe2 Rb2+ 50. Kf1 Rc2 51. Rxc4 a5 52. d5
Rd2 53. Rc8+ Kf7 54. Rc7+ Ke8 55. c4 a4 56. Ra7 Ra2 57. Ke1 Rxg2 58. Rxa4 Rxh2
59. Ra8+ Ke7 60. c5 Rc2 61. Ra7+ Ke8 62. c6 h4 63. Rxg7 h3 64. Rh7 h2 65. Kf1
Kd8 66. c7+ Rxc7 67. Rxh2 Rc5 68. Rh5 Ke7 69. Kf2 Kd6 70. Rf5 Rxd5 71. Rxf6+
Ke7 72. Rf4 Ke6 73. Ke3 Re5+ 74. Re4 Kf5 75. Kd4 Rxe4+ 76. fxe4+ Ke6 1/2-1/2

[Event "Chess House GM 2019"]
[Site "?"]
[Date "2019.12.15"]
[Round "7"]
[White "Pakleza, Zbigniew"]
[Black "Ochsner, Bjorn Moller"]
[Result "1-0"]
[WhiteElo "2503"]
[BlackElo "2492"]
[PlyCount "91"]
[EventDate "2019.12.??"]
[EventType "tourn"]
[EventRounds "9"]

1. Nf3 c5 2. c4 Nc6 3. Nc3 e5 4. g3 g6 5. Bg2 Bg7 6. O-O Nge7 7. Ne1 d6 8. Nc2
h5 9. Ne3 h4 10. d3 Be6 11. Ned5 Qd7 12. Bg5 Bh3 13. gxh4 Bxg2 14. Kxg2 Nf5 15.
Kh1 Nxh4 16. Rg1 Kf8 17. Qf1 Nf5 18. e3 Nce7 19. Qg2 Nxd5 20. Nxd5 Re8 21. Qg4
Re6 22. Raf1 Nh6 23. Bxh6 Rxh6 24. f4 f5 25. Qg5 Rh5 26. Qg3 Ke8 27. Qf3 Kd8
28. Rg2 Qf7 29. Rfg1 Rh6 30. b4 cxb4 31. Rb1 e4 32. dxe4 Rxe4 33. Rxb4 Kc8 34.
Qd1 Qd7 35. Qb3 Re8 36. Ra4 Kb8 37. Qa3 a6 38. Qb3 Re4 39. Rxa6 Bd4 40. exd4
Re1+ 41. Rg1 Re2 42. h3 Qh7 43. Ra3 Rxa2 44. Rg3 Rxa3 45. Qxa3 g5 46. Re3 1-0

[Event "Chess House GM 2019"]
[Site "?"]
[Date "2019.12.17"]
[Round "9"]
[White "Ochsner, Bjorn Moller"]
[Black "Jacobsen, Mikkel Manosri"]
[Result "1-0"]
[WhiteElo "2492"]
[BlackElo "2348"]
[PlyCount "81"]
[EventDate "2019.12.??"]
[EventType "tourn"]
[EventRounds "9"]

1. e4 c5 2. c3 Nf6 3. e5 Nd5 4. Nf3 e6 5. Bc4 d6 6. d4 Nc6 7. O-O Be7 8. exd6
Qxd6 9. dxc5 Qxc5 10. Qe2 Nb6 11. Bd3 Qh5 12. Nbd2 O-O 13. Re1 Bd7 14. Nf1 f6
15. Ng3 Qf7 16. b4 Rfe8 17. h4 Bf8 18. Ne4 h6 19. b5 Na5 20. c4 Rac8 21. c5
Bxc5 22. Nxc5 Rxc5 23. Qe4 Rec8 24. Qh7+ Kf8 25. Ba3 Nac4 26. Bb4 Nd6 27. Rac1
Na4 28. Bxc5 Nxc5 29. Bg6 Qg8 30. Qxg8+ Kxg8 31. Red1 Be8 32. Bxe8 Nxe8 33. Rd7
Nxd7 34. Rxc8 Kf7 35. Ra8 Nb6 36. Rxa7 Nd6 37. Ra3 e5 38. h5 Ke6 39. Nh4 Ne4
40. Rd3 Nd5 41. Nf5 1-0